[Event "46th GRE-chT Premier 2018"]
[Site "Rio Achaia"]
[Date "2018.07.11"]
[Round "3"]
[White "Firman, Nazar"]
[Black "Firat, Burak"]
[Result "0-1"]
[WhiteElo "2512"]
[BlackElo "2452"]
[Annotator "ChessBase"]
[PlyCount "88"]
[EventDate "2018.07.10"]
[EventType "team-tourn"]
[EventCountry "GRE"]
[SourceTitle "playchess.com"]
[Source "ChessBase"]
[SourceQuality "1"]
[TimeControl "40/5400+30:1800+30"]

1. e4 {[%emt 0:03:20]} e6 {[%emt 0:00:00]} 2. d3 {[%emt 0:02:19]} d5 {[%emt 0:01:33]} 3. Nd2 {[%emt 0:00:15]} Nf6 {[%emt 0:02:51]} 4. Ngf3 {[%emt 0:02:01]} Nc6 {[%emt 0:01:01]} 5. c3 {[%emt 0:02:35]} e5 {[%emt 0:06:21]} 6. Be2 {[%emt 0:06:10]} Be7 {[%emt 0:06:20]} 7. b4 {[%emt 0:05:16]} a6 {[%emt 0:00:10]} 8. Bb2 {[%emt 0:01:59]} O-O {[%emt 0:00:22]} 9. O-O {[%emt 0:05:02]} b5 {[%emt 0:16:09]} 10. Re1 {[%emt 0:04:44]} Re8 {[%emt 0:00:56]} 11. a4 {[%emt 0:05:58]} Rb8 {[%emt 0:00:45]} 12. axb5 {[%emt 0:00:41]} axb5 {[%emt 0:00:02]} 13. Bf1 {[%emt 0:03:35]} Be6 {[%emt 0:16:20]} 14. Ra6 {[%emt 0:07:42]} Qd7 {[%emt 0:01:48]} 15. Qa1 {[%emt 0:08:25]} Bd6 {[%emt 0:08:01]} 16. Ng5 {[%emt 0:01:50]} Bg4 {[%emt 0:08:07]} 17. h3 {[%emt 0:10:59]} Bh5 {[%emt 0:00:02]} 18. exd5 {[%emt 0:02:41]} Nxd5 {[%emt 0:00:02]} 19. Nge4 {[%emt 0:00:16]} f5 {[%emt 0:11:35]} 20. Nxd6 {[%emt 0:01:35]} cxd6 {[%emt 0:00:02]} 21. g3 {[%emt 0:03:43]} Nc7 {[%emt 0:02:14]} 22. Ra3 {[%emt 0:01:05]} d5 {[%emt 0:03:19]} 23. Bg2 {[%emt 0:02:31]} e4 {[%emt 0:00:58]} 24. Re3 {[%emt 0:09:53]} Ne6 {[%emt 0:02:31]} 25. dxe4 {[%emt 0:02:24]} dxe4 {[%emt 0:05:37]} 26. Bc1 {[%emt 0:02:43]} Ne5 {[%emt 0:01:24]} 27. Ra7 {[%emt 0:00:08]} Qd8 {[%emt 0:03:35]} 28. c4 {[%emt 0:03:29]} Nc6 {[%emt 0:00:07]} 29. g4 {[%emt 0:00:30]} Nxa7 {[%emt 0:00:57]} 30. Qxa7 {[%emt 0:00:05]} fxg4 {[%emt 0:00:24]} 31. Rxe4 {[%emt 0:00:58]} Ra8 {[%emt 0:01:19]} 32. Qe3 {[%emt 0:00:27]} Ra1 {[%emt 0:00:30]} 33. Nb3 {[%emt 0:00:22]} Rb1 {[%emt 0:00:28]} 34. Rxe6 {[%emt 0:00:45]} Rxe6 {[%emt 0:00:01]} 35. Qxe6+ {[%emt 0:00:14]} Bf7 {[%emt 0:00:01]} 36. Qe4 {[%emt 0:00:38]} Rxb3 {[%emt 0:00:15]} 37. Bg5 {[%emt 0:00:10]} Qc8 {[%emt 0:00:36]} 38. c5 {[%emt 0:00:52]} gxh3 {[%emt 0:00:17]} 39. Bf1 {[%emt 0:00:01]} Qe8 {[%emt 0:01:28]} 40. Be7 {[%emt 0:00:00]} Ra3 {[%emt 0:00:00]} 41. Qe5 {[%emt 0:06:23]} Qa8 {[%emt 0:01:52]} 42. Kh2 {[%emt 0:03:16]} Ra1 {[%emt 0:02:05]} 43. Bxh3 {[%emt 0:00:06]} Qh1+ {[%emt 0:00:08]} 44. Kg3 {[%emt 0:00:10]} Ra3+ {[%emt 0:00:35]} 0-1

[Event "46th GRE-chT Premier 2018"]
[Site "Rio Achaia"]
[Date "2018.07.11"]
[Round "3"]
[White "Warakomski, Tomasz"]
[Black "Zysk, Robert"]
[Result "1-0"]
[WhiteElo "2505"]
[BlackElo "2421"]
[Annotator "TA"]
[PlyCount "59"]
[EventDate "2018.07.10"]
[EventType "team-tourn"]
[EventCountry "GRE"]
[SourceTitle "playchess.com"]
[Source "ChessBase"]
[SourceQuality "1"]

{[%evp 16,59,28,29,31,9,20,0,0,-27,-26,-27,0,-32,-28,-33,6,-19,0,0,22,0,33,16,51,51,59,64,240,272,272,275,275,250,459,454,437,436,743,718,907,910,1218,1211,1172,1210]} 1. e4 e6 2. d4 d5 3. Nc3 Bb4 4. e5 c5 5. a3 Bxc3+ 6. bxc3 Ne7 7. Qg4 Kf8 8. Qd1 Qc7 {C18: French: 3 Nc3 Bb4: Main line: 7 h4 and 7 Qg4} 9. Nf3 {LiveBook: 11 Games} h6 (9... b6 10. a4 h6 11. a5 Ba6 12. axb6 axb6 13. Bd3 Qb7 14. Rb1 Bxd3 15. cxd3 cxd4 16. Nxd4 {1-0 (75) Grischuk,A (2772)-Le,Q (2737) Riadh 2017}) 10. h4 b6 {The position is equal.} 11. h5 Ba6 12. Rh4 Bxf1 $146 ({Predecessor:} 12... cxd4 13. cxd4 Bxf1 14. Kxf1 Qc4+ 15. Kg1 Qa4 16. Rb1 {½-½ (27) Mitkov,N (2578)-Lputian,S (2607) Poikovsky 2001}) 13. Kxf1 Nd7 14. Bd2 (14. c4 $5) 14... Rc8 15. Rc1 Qc6 16. Rf4 (16. c4 $5) 16... Ke8 17. Kg1 Rf8 18. Nh4 {[%cal Bf3h4,Bh4g6,Bg6e5][%mdl 32]} f5 19. exf6 Rxf6 20. Qg4 Kf7 21. Ng6 Rg8 $2 (21... Nxg6 $14 22. Rxf6+ Nxf6 23. Qxg6+ Kg8) 22. Rxf6+ $18 Nxf6 23. Ne5+ Ke8 {[#]} 24. Qf3 $1 ({Not} 24. Nxc6 Nxg4 25. Nxa7 Kd7 $16) 24... Qa4 $2 {[#]} (24... Qc7 {was worth a try.} 25. Bxh6 Nf5) 25. Bxh6 $1 {[%mdl 512] White is clearly winning.} Nf5 (25... gxh6 26. Qxf6) 26. Bg5 Ne4 {[#]} (26... Qxa3 $142 27. Qe2 c4 28. Nxc4 Qe7) 27. h6 $1 {[%cal Bh5h6,Bh6h7][%mdl 544]} g6 (27... Nxh6 28. Bxh6) 28. Qg4 Qxa3 29. h7 {[%cal Rh7g8]} Rh8 30. Bf4 {Precision: White = 51%, Black = 23%.} 1-0

[Event "46th GRE-chT Premier 2018"]
[Site "Rio Achaia"]
[Date "2018.07.11"]
[Round "3"]
[White "Shoker, Samy"]
[Black "Mastrovasilis, Athanasios"]
[Result "0-1"]
[WhiteElo "2482"]
[BlackElo "2497"]
[Annotator "TA"]
[PlyCount "136"]
[EventDate "2018.07.10"]
[EventType "team-tourn"]
[EventCountry "GRE"]
[SourceTitle "playchess.com"]
[Source "ChessBase"]
[SourceQuality "1"]

{[%evp 24,136,0,9,18,20,43,32,43,46,26,32,67,16,11,10,18,14,22,4,8,0,2,7,5,0,0,0,13,0,0,0,5,0,0,-17,0,0,0,0,0,-11,-7,-40,-32,-49,-49,-66,-41,-49,-41,-72,-68,-102,-90,-127,-115,-113,-118,-114,-86,-98,-81,-124,-104,-119,-101,-98,-98,-127,-132,-127,-126,-120,-127,-179,-175,-168,-177,-157,-144,-154,-109,-174,-179,-345,-210,-341,-341,-334,-315,-309,-314,-439,-437,-487,-454,-671,-671,-671,-670,-656,-589,-678,-672,-1208,-1135,-1132,-1022,-5277,-3422,-29968,-29966,-29988,-29989]} 1. Nf3 d5 2. g3 Nf6 3. Bg2 c6 4. c4 Bf5 5. b3 e6 6. O-O Be7 7. Bb2 O-O 8. d3 h6 9. Nbd2 a5 10. a3 Na6 11. Ra2 {A12: English Opening: 1...c6 with b3 by White} (11. Qc2 Bh7 12. Bc3 Nd7 13. Qb2 Bf6 14. b4 Bxc3 15. Qxc3 axb4 16. axb4 Qf6 17. d4 Qe7 18. c5 Nc7 19. Rfc1 {½-½ (32) Bu,X (2710)-Zhou,W (2643) Zaozhuang 2015}) 11... Bh7 12. Qa1 Nc5 13. Bc3 {LiveBook: 5 Games. The position is equal.} Ra6 14. Rc1 $146 ({Predecessor:} 14. Qb2 Qa8 15. Qc2 Qa7 16. Bd4 Ra8 17. Rc1 Qb8 18. cxd5 cxd5 {0-1 (41) Schandorff,L (2500)-Brunello,S (2562) Amsterdam 2016}) 14... Re8 15. b4 axb4 16. axb4 Rxa2 17. Qxa2 Na6 18. b5 (18. Qb2 $14) 18... cxb5 $1 $11 19. cxb5 Nc5 20. Bd4 Nfd7 21. Qa7 {[%cal Rd4c5]} Qa8 22. Ra1 Qxa7 23. Rxa7 Bd6 24. Ne1 Rc8 25. Be3 Bc7 26. Ra2 Bd6 27. Ra7 Bc7 28. Nc2 Bb6 29. Ra2 Kf8 30. Nb4 Ke8 31. h4 Kd8 32. g4 Nf6 33. Bf3 Ncd7 34. Bxb6+ Nxb6 35. g5 hxg5 36. hxg5 Ne8 37. Nb3 Nd6 38. Ra5 Rc3 39. Nd4 Rc1+ 40. Kg2 Rb1 41. Ndc2 Rb2 42. Bh5 e5 43. e3 Bf5 44. Ra1 Bd7 45. Ra2 Rb1 46. Bf3 e4 47. dxe4 dxe4 48. Be2 Nxb5 49. Ra5 (49. Bxb5 $17 Bxb5 50. Kg3) 49... Nc3 $19 50. Bf1 Bg4 {[#] aiming for ...Bf3+.} 51. Ra1 Rb2 $36 {[%mdl 2048] Black has strong initiative.} 52. Ra3 Nb1 53. Ra1 (53. Ra7 $17 {was called for.} Kc7 54. Ra2 Rxa2 55. Nxa2) 53... Bd1 54. Kg3 $2 (54. Ra7 {was worth a try.} Bxc2 55. Nxc2 Rxc2 56. Rxb7) 54... Kc7 (54... Bxc2 55. Nxc2 Nd2 56. Nd4 $15) ({Stronger than} 54... Rxc2 55. Rxb1 Rd2 56. Bg2 $11) 55. Bg2 (55. f3 $142) 55... Nc3 ({Weaker is} 55... Bxc2 56. Nxc2 Nd2 57. Nd4 $15) ({Inferior is} 55... Rxc2 56. Rxb1 Rd2 57. Bxe4 $14) 56. Rxd1 Nxd1 57. Bxe4 Nc3 58. Bf3 Nc4 59. Kf4 b5 60. Bc6 {[#]} (60. Kg3 $142) 60... Rxc2 $1 {[%mdl 512]} 61. Nxc2 Kxc6 62. g6 Nd5+ 63. Kf5 Ne7+ 64. Kg5 Nxg6 65. f4 Ne7 66. e4 Kc5 67. e5 b4 {[%cal Bb5b4,Bb4b3][%mdl 32]} 68. f5 b3 {Precision: White = 41%, Black = 73%.} 0-1

[Event "46th GRE-chT Premier 2018"]
[Site "Rio Achaia"]
[Date "2018.07.11"]
[Round "3"]
[White "Kapnisis, Spyridon"]
[Black "Souleidis, Georgios"]
[Result "1-0"]
[WhiteElo "2456"]
[BlackElo "2415"]
[Annotator "ChessBase"]
[PlyCount "85"]
[EventDate "2018.07.10"]
[EventType "team-tourn"]
[EventCountry "GRE"]
[SourceTitle "playchess.com"]
[Source "ChessBase"]
[SourceQuality "1"]
[TimeControl "40/5400+30:1800+30"]

1. c4 {[%emt 0:01:07]} e6 {[%emt 0:00:00]} 2. e4 {[%emt 0:01:19]} d5 {[%emt 0:01:13]} 3. exd5 {[%emt 0:00:07]} exd5 {[%emt 0:00:06]} 4. d4 {[%emt 0:00:05]} Nf6 {[%emt 0:01:43]} 5. Nc3 {[%emt 0:00:26]} Be7 {[%emt 0:04:36]} 6. Nf3 {[%emt 0:03:27]} O-O {[%emt 0:00:09]} 7. Be2 {[%emt 0:03:20]} dxc4 {[%emt 0:01:09]} 8. Bxc4 {[%emt 0:01:24]} Nbd7 {[%emt 0:00:13]} 9. O-O {[%emt 0:03:35]} Nb6 {[%emt 0:00:17]} 10. Bb3 {[%emt 0:00:06]} Bg4 {[%emt 0:13:47]} 11. h3 {[%emt 0:02:51]} Bxf3 {[%emt 0:03:24]} 12. Qxf3 {[%emt 0:00:25]} c6 {[%emt 0:00:03]} 13. Re1 {[%emt 0:07:04]} Nbd5 {[%emt 0:09:48]} 14. Bg5 {[%emt 0:05:55]} h6 {[%emt 0:24:57]} 15. Bh4 {[%emt 0:03:35]} Nxc3 {[%emt 0:04:56]} 16. bxc3 {[%emt 0:00:44]} Nd5 {[%emt 0:00:04]} 17. Bxe7 {[%emt 0:25:06]} Nxe7 {[%emt 0:00:01]} 18. Re5 {[%emt 0:00:24]} Rc8 {[%emt 0:01:54]} 19. Qe4 {[%emt 0:05:30]} Rc7 {[%emt 0:09:33]} 20. Re1 {[%emt 0:10:51]} Nd5 {[%emt 0:00:03]} 21. Bxd5 {[%emt 0:00:07]} cxd5 {[%emt 0:00:05]} 22. Rxd5 {[%emt 0:00:05]} Qc8 {[%emt 0:00:03]} 23. Qf4 {[%emt 0:06:26]} Rxc3 {[%emt 0:00:19]} 24. Re7 {[%emt 0:00:19]} Qc4 {[%emt 0:07:58]} 25. Rc5 {[%emt 0:05:29]} Qd3 {[%emt 0:03:52]} 26. Rxb7 {[%emt 0:01:07]} Rxc5 {[%emt 0:04:04]} 27. dxc5 {[%emt 0:00:04]} Qd1+ {[%emt 0:00:05]} 28. Kh2 {[%emt 0:00:03]} Qd5 {[%emt 0:00:03]} 29. Qc7 {[%emt 0:09:04]} Qxa2 {[%emt 0:00:02]} 30. c6 {[%emt 0:00:11]} Qxf2 {[%emt 0:00:32]} 31. Rb8 {[%emt 0:01:25]} Rxb8 {[%emt 0:03:58]} 32. Qxb8+ {[%emt 0:00:04]} Kh7 {[%emt 0:00:05]} 33. Qb1+ {[%emt 0:00:08]} g6 {[%emt 0:04:18]} 34. Qc1 {[%emt 0:00:05]} Qf5 {[%emt 0:00:12]} 35. c7 {[%emt 0:00:07]} Qc8 {[%emt 0:00:02]} 36. Qf4 {[%emt 0:01:48]} Qe6 {[%emt 0:01:31]} 37. Qc1 {[%emt 0:00:08]} Qc8 {[%emt 0:00:02]} 38. Qc4 {[%emt 0:00:39]} Kg8 {[%emt 0:00:08]} 39. Qc5 {[%emt 0:00:07]} Kh7 {[%emt 0:01:00]} 40. Kg1 {[%emt 0:00:00]} h5 {[%emt 0:00:00]} 41. h4 {[%emt 0:08:06]} a6 {[%emt 0:02:19]} 42. Qe7 {[%emt 0:01:27]} Qf5 {[%emt 0:02:27]} 43. Qf8 {[%emt 0:01:09]} 1-0

[Event "46th GRE-chT Premier 2018"]
[Site "Rio Achaia"]
[Date "2018.07.11"]
[Round "3"]
[White "Sandalakis, Angelos"]
[Black "Pappas, Andreas"]
[Result "1-0"]
[WhiteElo "2448"]
[BlackElo "2019"]
[Annotator "TA"]
[PlyCount "55"]
[EventDate "2018.07.10"]
[EventType "team-tourn"]
[EventCountry "GRE"]
[SourceTitle "playchess.com"]
[Source "ChessBase"]
[SourceQuality "1"]

{[%evp 9,55,16,45,35,96,56,72,58,44,44,62,39,48,33,120,118,117,117,117,116,118,117,128,116,198,162,168,143,196,187,236,246,238,210,520,519,503,498,662,654,694,679,757,747,743,756,1147,972]} 1. e4 g6 2. d4 Bg7 3. Nc3 c5 4. d5 d6 5. Be3 Bxc3+ $146 ({Vorgänger:} 5... Nf6 6. h3 O-O 7. Nf3 Na6 8. Be2 Nc7 9. a4 Rb8 10. Nd2 b6 11. O-O a6 12. Nc4 b5 13. axb5 axb5 {½-½ (54) Dzagnidze,N (2516)-Harika,D (2512) Beijing 2011}) 6. bxc3 {A43: Alt-Benoni} Qa5 (6... Nf6 $14) 7. Qd2 f5 8. exf5 {Weiß steht besser.} Bxf5 9. f3 Nf6 10. c4 Qa4 11. Bd3 Na6 (11... Bxd3 $14 12. cxd3 b5) 12. Ne2 $16 {[%cal Bg1e2,Be2c3,Bc3b5][%mdl 32]} Bxd3 13. cxd3 Nb4 {Schwarz will ...Sc2+ spielen.} 14. Nc3 Qc2 15. Ke2 $36 {[%mdl 2048] Weiss hat starke Initiative.} Qxd2+ 16. Kxd2 O-O (16... Kd7 $16 {ist wohl besser.} 17. Rhe1 Na6) 17. Rhe1 Kf7 18. Nb5 Rfc8 (18... Rfd8 $16 {war angesagt.} 19. Bg5 Rd7) 19. Bg5 $18 {Te6 ist eine echte Drohung.} a6 20. Nc3 a5 21. Re6 Rd8 $2 {[#]} (21... Ng8 {ist zäher.} 22. Rae1 Rc7) 22. Bxf6 {Weiß steht klar auf Gewinn.} exf6 23. Ne4 f5 24. Nxd6+ Kf8 25. Nxb7 Rdc8 26. a3 Na6 27. d6 Re8 28. Rae1 {Precision: Weiß = 69%, Schwarz = 41%.} 1-0

[Event "46th GRE-chT Premier 2018"]
[Site "Rio Achaia"]
[Date "2018.07.11"]
[Round "3"]
[White "Zawadzka, Jolanta"]
[Black "Szczepkowska, Karina"]
[Result "1/2-1/2"]
[WhiteElo "2439"]
[BlackElo "2396"]
[Annotator "TA"]
[PlyCount "46"]
[EventDate "2018.07.10"]
[EventType "team-tourn"]
[EventCountry "GRE"]
[SourceTitle "playchess.com"]
[Source "ChessBase"]
[SourceQuality "1"]

{[%evp 30,46,6,0,2,8,0,0,25,23,21,13,14,0,0,0,14,0,0]} 1. e4 c5 2. Nf3 Nc6 3. d4 cxd4 4. Nxd4 Nf6 5. Nc3 e5 6. Ndb5 d6 7. Bg5 a6 8. Na3 b5 9. Nd5 Qa5+ 10. Bd2 Qd8 11. Bg5 Be7 12. Bxf6 Bxf6 13. c3 Bg5 14. Be2 O-O 15. O-O Ne7 16. Nc2 {LiveBook: 4 Games. B33: Sicilian: Pelikan and Sveshnikov Variations} (16. Nxe7+ Qxe7 17. Nc2 f5 18. exf5 Bxf5 19. a4 bxa4 20. Rxa4 a5 21. Na3 Bd7 22. Bb5 Be6 23. Bc4 Rfd8 {1-0 (36) Lewicki,M (2404)-Skliarov,V (2353) Katowice 2017}) 16... Nxd5 17. Qxd5 Be6 18. Qd3 Qb6 19. Nb4 Bc4 $146 ({Predecessor:} 19... Kh8 20. Rad1 Rad8 21. Nd5 Qa7 22. Kh1 Rd7 23. c4 Rc8 24. cxb5 axb5 {0-1 (29) Gneiss,K (2103)-Krebs,J (2276) Koeflach 2006}) 20. Qc2 {The position is equal.} Be6 $1 21. Qd3 Bc4 22. Qc2 Be6 $1 23. Qd3 Bc4 1/2-1/2

[Event "46th GRE-chT Premier 2018"]
[Site "Rio Achaia"]
[Date "2018.07.11"]
[Round "3"]
[White "Barski, Radoslaw"]
[Black "Tzermiadianos, Andreas"]
[Result "0-1"]
[WhiteElo "2431"]
[BlackElo "2437"]
[Annotator "TA"]
[PlyCount "73"]
[EventDate "2018.07.10"]
[EventType "team-tourn"]
[EventCountry "GRE"]
[SourceTitle "playchess.com"]
[Source "ChessBase"]
[SourceQuality "1"]

{[%evp 20,73,20,27,52,53,45,44,116,116,112,105,98,96,161,75,74,54,66,46,112,0,23,18,29,-79,-108,-86,-99,-81,-82,-89,-92,-205,-200,-217,-192,-320,-327,-303,-247,-243,-225,-210,-187,-398,-392,-388,-383,-475,-445,-691,-709,-701,-708,-679]} 1. e4 c5 2. Nf3 Nc6 3. Nc3 e5 4. Bc4 d6 5. d3 Be7 6. O-O Nf6 7. Ng5 O-O 8. f4 h6 9. Nf3 {[%cal Bg5f3,Bf3h4,Bh4f5][%mdl 32]} exf4 10. Bxf4 Be6 11. Nd5 {LiveBook: 106 Games} Na5 {B30: Sicilian: 2...Nc6 3 Bb5, lines without ...g6} (11... a6 12. a3 b5 13. Ba2 Re8 14. c3 Rc8 15. Bg3 Ne5 16. Bxe5 dxe5 17. Nxe5 c4 18. Nxf6+ Bxf6 19. Ng4 Bxg4 20. Qxg4 h5 21. Qf3 Qxd3 22. Qxd3 cxd3 {½-½ (51) Vachier Lagrave,M (2813)-Zhigalko,S (2652) Baku 2016}) 12. Nxe7+ Qxe7 13. Bxe6 Qxe6 (13... fxe6 $14 14. Qe1 Nc6) 14. Nh4 $1 $16 Nc6 $146 ({Predecessor:} 14... d5 15. Nf5 dxe4 16. Bxh6 gxh6 17. Qe1 Kh7 18. Qxa5 Rg8 19. Rae1 {1-0 (61) Petrov,M (2550)-Weber,U (2413) Bad Wiessee 2010}) 15. Nf5 Rfd8 16. Qf3 Kh7 (16... Nd4 $16 {was necessary.} 17. Nxd4 cxd4) 17. Qg3 (17. Qh3 $18 {[%cal Rf4h6] and White stays clearly on top. And now Bxh6! would win.} Ne8 18. Bg5) 17... Nh5 18. Qg4 Qg6 19. Qh3 {Black must now prevent Bxd6.} d5 (19... Nxf4 $14 20. Rxf4 Ne5) 20. Bd6 ({White should try} 20. Bc7 $16) 20... dxe4 $11 21. dxe4 Nd4 $1 {[%cal Bc6d4,Bd4e2,Be2f4,Bf4e6,Be6g5][%mdl 32]} 22. Bxc5 {[#]} (22. Rad1 $11 {remains equal.}) 22... Nf4 $1 $17 {[%cal Rf4h3][%mdl 512]} 23. Rxf4 Ne2+ 24. Kh1 Nxf4 25. Qf3 Ne6 $36 {[%mdl 2048] Black is on the roll.} 26. Be3 {[#]} (26. Be7 $17) 26... Ng5 $1 $19 {[%cal Rg5f3]} 27. Bxg5 Qxg5 28. Ne3 (28. Rf1 {was called for.}) 28... Rd2 29. h3 Kg8 30. Rf1 f6 31. Nf5 {Threatens to win with h4.} Re8 32. g3 $2 (32. h4 {was worth a try.} Qg6 33. Rd1 Rxd1+ 34. Qxd1) 32... Kh8 33. h4 Qg6 34. Qf4 Red8 {Black is clearly winning.} 35. Ne7 (35. Ne3 $142) 35... Qh5 36. Qf3 Qxf3+ 37. Rxf3 {Precision: White = 36%, Black = 57%.} 0-1

[Event "46th GRE-chT Premier 2018"]
[Site "Rio Achaia"]
[Date "2018.07.11"]
[Round "3"]
[White "Grivas, Efstratios"]
[Black "Safarli, Eltaj"]
[Result "1/2-1/2"]
[WhiteElo "2431"]
[BlackElo "2667"]
[Annotator "TA"]
[PlyCount "52"]
[EventDate "2018.07.10"]
[EventType "team-tourn"]
[EventCountry "GRE"]
[SourceTitle "playchess.com"]
[Source "ChessBase"]
[SourceQuality "1"]

{[%evp 22,52,17,17,28,27,13,11,27,15,9,18,43,-25,0,-31,-17,-20,-24,-37,-31,-56,-54,-40,-29,-46,0,-53,0,-46,0,-43,0]} 1. d4 Nf6 2. Nf3 g6 3. c4 Bg7 4. Nc3 d5 5. Bg5 Ne4 6. Bh4 Nxc3 7. bxc3 dxc4 8. Qa4+ c6 9. Qxc4 {D91: Grünfeld: 4 Nf3 Bg7 5 Bg5} Qa5 10. e4 Na6 11. Rc1 Be6 12. Qd3 $1 {LiveBook: 3 Games} Rd8 $146 ({Predecessor:} 12... Qxa2 13. Be2 Rd8 14. O-O Qa5 15. Ng5 Bc8 16. Qf3 O-O {½-½ (72) Akobian,V (2632)-Mikhalevski,V (2526) Temecula 2015}) 13. Qe3 Qxa2 14. Bd3 Bc4 $1 15. O-O {[#] Strongly threatening Ra1.} Bxd3 $1 16. Qxd3 Qe6 17. c4 (17. Qe3 $14) 17... O-O 18. d5 Qd7 19. Qa3 Rfe8 20. Rfd1 Rc8 21. h3 cxd5 22. cxd5 Rxc1 23. Rxc1 Bf8 24. Qc3 ({White should try} 24. Ne5 $11 Qd6 25. Qb2) 24... Bg7 25. Qa3 Bf8 26. Qc3 Bg7 {Precision: White = 49%, Black = 43%.} 1/2-1/2

[Event "46th GRE-chT Premier 2018"]
[Site "Rio Achaia"]
[Date "2018.07.11"]
[Round "3"]
[White "Vlachos, Anatole"]
[Black "Karousos-Theodorakis, Nikolaos"]
[Result "1-0"]
[WhiteElo "2428"]
[BlackElo "2255"]
[Annotator "TA"]
[PlyCount "73"]
[EventDate "2018.07.10"]
[EventType "team-tourn"]
[EventCountry "GRE"]
[SourceTitle "playchess.com"]
[Source "ChessBase"]
[SourceQuality "1"]

{[%evp 21,73,-31,-27,-32,-16,-31,-24,-18,-20,-26,-19,-122,-122,-125,-118,-193,-204,-188,-137,-140,-145,-127,-123,-118,-112,-110,-109,-114,-91,-228,-221,-222,-243,-266,-179,-272,-255,-199,75,66,79,70,166,165,376,380,372,364,354,343,666,662,808,802]} 1. Nf3 c5 2. g3 Nc6 3. Bg2 g6 4. O-O Bg7 5. c4 d6 6. Nc3 e6 7. a3 Nge7 8. b4 O-O 9. bxc5 dxc5 10. Bb2 b6 {A37: Englische Eröffnung (Symmetrische Variante)} 11. d3 Bb7 {LiveBook: 5 Partien} 12. Qd2 $146 ({Vorgänger:} 12. Qc1 Qd7 13. Ne4 e5 14. Bc3 Nf5 15. Qb2 Nfd4 16. Rab1 Rab8 17. Rfe1 h6 18. a4 {0-1 (28) Svidler,P (2727)-Salem,A (2624) Berlin 2015}) 12... Qd7 {Schwarz steht etwas besser.} 13. e3 Na5 {Droht stark ...Sb3.} 14. Rad1 Rad8 15. Qc2 Bc6 16. Ne4 (16. Ne1 $11 {bleibt in der Remisbreite.}) 16... Ba4 $1 $36 {[%cal Ra4c2][%mdl 2048] Schwarz bestimmt, wo es lang geht.} ({Jedoch nicht} 16... Bxb2 17. Qxb2 Bxe4 18. dxe4 $15) 17. Qc1 f6 18. Bh3 (18. Qa1 $17 {war nötig.} e5 19. Nc3) 18... Bxd1 19. Rxd1 {beabsichtigt Da1.} Qc6 (19... Nec6 $19 20. Nc3 f5) 20. Qa1 {[%cal Rb2f6]} e5 21. Bg2 Qd7 22. Nc3 Kh8 23. Ne1 a6 24. a4 Nac6 25. f4 (25. Nd5 $17) 25... exf4 $19 26. gxf4 Nb4 27. a5 Qe6 28. axb6 (28. e4 $142) 28... Qxe3+ 29. Kh1 Rxd3 $2 (29... Qxf4 $19 30. Ne4 Nf5) 30. Nxd3 $16 Nxd3 {[#]} 31. Ne4 $1 {Und weiter mit b7 wäre nett.} Nxb2 (31... Nc8 $14) 32. Qxb2 $18 {b7 ist eine echte Drohung.} Rb8 $2 (32... Bh6) 33. b7 f5 {[#]} 34. Qd2 $1 {[%cal Rd2e3]} Qxd2 35. Nxd2 Bd4 $2 (35... Bf8 36. Ra1 Ng8 37. Rxa6 Kg7) 36. Nb3 Be3 37. Re1 {Precision: Weiß = 52%, Schwarz = 31%.} 1-0

[Event "46th GRE-chT Premier 2018"]
[Site "Rio Achaia"]
[Date "2018.07.11"]
[Round "3"]
[White "Warmerdam, Max"]
[Black "Lupulescu, Constantin"]
[Result "0-1"]
[WhiteElo "2424"]
[BlackElo "2617"]
[Annotator "RC"]
[PlyCount "56"]
[EventDate "2018.07.10"]
[EventType "team-tourn"]
[EventCountry "GRE"]
[SourceTitle "playchess.com"]
[Source "ChessBase"]
[SourceQuality "1"]
[TimeControl "40/5400+30:1800+30"]

1. e4 {[%emt 0:00:00]} c6 {[%emt 0:00:00]} 2. d4 {[%emt 0:00:00]} d5 {[%emt 0:00:00]} 3. e5 {[%emt 0:00:00]} Bf5 {[%emt 0:00:00]} 4. h4 {[%emt 0:00:00]} h5 {[%emt 0:00:22]} 5. Bd3 {[%emt 0:00:00]} Bxd3 {[%emt 0:00:35]} 6. Qxd3 {[%emt 0:00:00]} Qa5+ {[%emt 0:00:16]} 7. Nd2 {[%emt 0:01:14]} e6 {[%emt 0:01:02]} 8. Ne2 {[%emt 0:09:46]} Ne7 {[%emt 0:06:47]} 9. Ng3 {[%emt 0:24:05]} c5 {[%emt 0:05:52]} 10. O-O {[%emt 0:03:03]} cxd4 {[%emt 0:06:02]} 11. Nb3 {[%emt 0:03:43]} Qa6 {[%emt 0:03:32]} 12. Qd1 {[%emt 0:11:55]} Nec6 {[%emt 0:11:36]} 13. Nxh5 {[%emt 0:02:13]} Nd7 {[%emt 0:01:48]} 14. Bg5 {[%emt 0:05:11]} Ndxe5 {[%emt 0:06:38]} 15. Re1 {[%emt 0:00:13]} Qb6 {[%emt 0:08:39]} 16. a4 {[%emt 0:05:14]} a5 {[%emt 0:08:52]} 17. c3 {[%emt 0:20:14]} d3 {[%emt 0:05:36]} 18. Be3 {[%emt 0:06:00]} Qd8 {[%emt 0:07:29]} 19. Bg5 {[%emt 0:01:10]} Be7 {[%emt 0:06:02]} 20. f4 {[%emt 0:00:31]} g6 {[%emt 0:04:19]} 21. Ng7+ {[%emt 0:02:10]} Kf8 {[%emt 0:00:43]} 22. Nxe6+ {[%emt 0:00:04]} fxe6 {[%emt 0:00:05]} 23. fxe5 {[%emt 0:00:04]} Bxg5 {[%emt 0:02:43]} 24. Qf3+ {[%emt 0:03:41]} Ke7 {[%emt 0:01:41]} 25. hxg5 {[%emt 0:00:11]} Qb6+ {[%emt 0:00:19]} 26. Nd4 {[%emt 0:00:05]} Nxd4 {[%emt 0:00:27]} 27. cxd4 {[%emt 0:00:52]} Qxd4+ {[%emt 0:00:13]} 28. Qe3 {[%emt 0:00:06]} Rh4 {[%emt 0:01:30]} 0-1